000 01047nam0a22002411 4500
001 rc\3418549
005 20260407095517.0
035 _a(NLR Aleph) 007581323
090 _a5511686
_c5511686
100 _a20130115d1973 |||y0rusy50 ca
101 0 _arus
102 _aRU
105 _ay z |||||
200 1 _aРекомендации по производству белково-витаминной травяной муки
_fМ-во сельск. хоз-ва КазССР. Упр. пропаганды и науч.-техн. информации
210 _aАлма-Ата
_cКайнар
_d1973
215 _a20 с.
_d20
606 _aТравяная мука
_xПриготовление
_2psbo
712 0 1 _aКазССР
_bМинистерство сельского хозяйства
_bУправление пропаганды и научно-технической информации
_3RU\NLR\AUTH\889923977
_9343897
801 0 _aRU
_bNLR
_gpsbo
801 1 _aRU
_bELAR
_2rusmarc
852 _aNLR
_j73-4/13633
942 _cBOOK
980 _aNB